Scramble Λέξεων - Πρωτεύουσες - Statistics

General Stats
  • This quiz has been taken 166 times
  • The average score is 9 of 20
Answer Stats
Scramble Πρωτεύουσα % Correct
ανθηα Αθήνα
91%
γρααπ Πράγα
89%
νηεβιν Βιέννη
73%
σαρακακ Καράκας
71%
σπιαρι Παρίσι
64%
ιοαν Ανόι
64%
οφασι Σόφια
59%
λεσλυξερβ Βρυξέλλες
58%
κααρ Άκρα
58%
τηδγαβα Βαγδάτη
52%
δηαμτιρ Μαδρίτη
39%
πραλιμαζι Μπραζίλια
34%
βεναρε Ερεβάν
29%
πλοηρτι Τρίπολη
28%
βονυδολι Δουβλίνο
27%
κιπασο Σκόπια
20%
κματογοπ Μπογκοτά
20%
κεσυορ Σούκρε
17%
πλακυομ Καμπούλ
14%
υκλαοσα Λουσάκα
12%
No matching quizzes found
Score Distribution
Percent of People with Each Score
Percentile by Number Answered
Your Score History
You have not taken this quiz